Tile Select: Siblings in the Baby-Sitters Club - Statistics

General Stats
  • This quiz has been taken 5 times
  • The average score is 37 of 45
Answer Stats
Question Tile Select % Correct
Claudia Kishi Ashley No
100%
Claudia Kishi Austin No
100%
Claudia Kishi Bentley No
100%
siblings of Jessi Ramsey Charlotte No
100%
Claudia Kishi Cokie No
100%
siblings of Kristy Thomas David Michael Yes
100%
siblings of Jessi Ramsey Haley No
100%
siblings of Kristy Thomas Jackie No
100%
siblings of Kristy Thomas Karen Yes
100%
siblings of Kristy Thomas Katie Beth No
100%
siblings of Kristy Thomas Laura No
100%
Claudia Kishi Maggie No
100%
siblings of Mallory Pike Margo Yes
100%
siblings of Jessi Ramsey Marnie No
100%
siblings of Jessi Ramsey Matt No
100%
Claudia Kishi Miranda No
100%
siblings of Kristy Thomas Sam Yes
100%
siblings of Jessi Ramsey Tiny No
100%
Claudia Kishi Trevor No
100%
siblings of Mallory Pike Vanessa Yes
100%
siblings of Kristy Thomas Andrew Yes
80%
siblings of Jessi Ramsey Becca Yes
80%
siblings of Mallory Pike Byron Yes
80%
siblings of Kristy Thomas Charlie Yes
80%
siblings of Dawn Schafer Clover No
80%
siblings of Dawn Schafer Daffodil No
80%
siblings of Mallory Pike Gabbie No
80%
siblings of Dawn Schafer Jamie No
80%
Claudia Kishi Janine Yes
80%
siblings of Jessi Ramsey Keisha No
80%
siblings of Jessi Ramsey Logan No
80%
Claudia Kishi Mimi No
80%
siblings of Dawn Schafer Nancy No
80%
siblings of Mallory Pike Shannon No
80%
siblings of Jessi Ramsey Squirt Yes
80%
siblings of Mallory Pike Adam Yes
60%
siblings of Mallory Pike Claire Yes
60%
siblings of Dawn Schafer Jeff Yes
60%
siblings of Mallory Pike Jordan Yes
60%
siblings of Mallory Pike Nicky Yes
60%
siblings of Dawn Schafer Sunny No
60%
siblings of Dawn Schafer Timmy No
60%
siblings of Dawn Schafer Mary Anne Yes
40%
siblings of Kristy Thomas Emily Michelle Yes
20%
siblings of Dawn Schafer Gracie Yes
0%
No matching quizzes found
Score Distribution
Percent of People with Each Score
Percentile by Number Answered
Your Score History
You have not taken this quiz